Science Quiz

Random Science or Letter Quiz

Retired Hurricane per Letter Quiz Stats

Quiz Updated Aug 21, 2014

Challenge
Share
Tweet
Embed
Score 0/20 Timer 06:00
0 Plays Today
Letter Hurricane % Correct
KKatrina, Keith, Klaus
91.1%
AAgnes, Alicia, Andrew, ...
75.5%
FFloyd, Frances, Frederic, ...
57.5%
IIke, Isabel, Ivan, ...
57.3%
DDennis, Diane, Donna, ...
51.9%
BBetsy, Beulah, Bob
45.7%
CCamille, Carol, Charley, ...
39.6%
HHattie, Hazel, Hugo, ...
37.2%
RRita, Roxanne
29.6%
WWilma
27.5%
Letter Hurricane % Correct
JJanet, Jeanne, Joaquin, ...
25.3%
GGeorges, Gilbert, Gustav, ...
24.9%
MMarilyn, Michelle, Mitch
21.7%
SSandy, Stan
18.2%
OOpal
16.9%
EEdna, Elena, Eloise, ...
14.5%
LLenny, Lili, Luis
11.8%
NNoel
7.9%
PPaloma
5.7%
TTomas
3.8%

You're not logged in!

Compare scores with friends on all Sporcle quizzes.
Sign Up with Email
OR
Log In

You Might Also Like...

Show Comments

Extras

Top Quizzes Today


Score Distribution

Your Account Isn't Verified!

In order to create a playlist on Sporcle, you need to verify the email address you used during registration. Go to your Sporcle Settings to finish the process.